Normal view
MARC view
- Supervisor: Dr. Ahmad Nawaz Khan
Entry Personal Name
001 - CONTROL NUMBER
- control field: 129643
003 - CONTROL NUMBER IDENTIFIER
- control field: NUST
005 - DATE AND TIME OF LATEST TRANSACTION
- control field: 20250710125640.0
008 - FIXED-LENGTH DATA ELEMENTS
- fixed length control field: 250710|| aca||aabn | a|a d
040 ## - CATALOGING SOURCE
- Original cataloging agency: NUST
- Transcribing agency: NUST
100 ## - HEADING--PERSONAL NAME
- Personal name: Supervisor: Dr. Ahmad Nawaz Khan
670 ## - SOURCE DATA FOUND
- Source citation: Work cat.: (NUST)534448: Saboor Abdul 27219, Investigation Electrical and Mechanical Properties of San/Pani/Flg's Nano Composites for EMI Shielding /, 2015.
